00526nam a2200193Ia 450000500170000000800410001702000140005804000190007204100120009108200140010324500500011726000420016730000240020944000270023350400190026065000200027970000230029985000100032220230707084843.0131103s9999 xx 000 0 und d a198812353 aLoreto College aEnglish a951 bDAW 4aThe legacy of Chinacedited by Raymond Dawson aLondonbOxford University Pressc1971 axix,392 p.b plates aOxford Press Paperback aIncludes index aChina - History aDawson,Raymond,ed. aLCLIB